000 01269cam a22002174i 4500
999 _c57896
_d57896
001 17700906
005 20221114111050.0
008 130417s2013 enkb b 001 0 eng
020 _a9781409463665x
041 _aeng
080 _a327 W-37
100 1 _aWeaver, Carol.
_910788
245 1 4 _aThe politics of the Black Sea region :
_bEU neighbourhood, conflict zone or future security community? /
_cCarol Weaver, University of Leicester, UK.
264 1 _aFarnham, Surrey, England ;
_aBurlington, VT :
_bAshgate Pub. Company,
_c[2013]
300 _a161 pages :
_bmaps ;
_c24 cm.
504 _aIncludes bibliographical references (p. 141-155) and index.
653 _aPolitics Of The Black Sea Region, The: Eu Neighbourhood, Conflict Zone Or Future Security Community?
653 _aშავი ზღვის რეგიონის პოლიტიკა, ე.ი. სამეზობლო, კონფლიქტის ზონა ან მომავლის უსაფრთხოების საზოგადოება?
653 _aПолитика Черноморского региона: The Eu Neighborhood, конфликтная зона или будущее сообщество безопасности?
942 _2udc
_cBK